| 000 | 00000nam 2200000zi 4500 |
| 001 | 9.921506 |
| 003 | CaOODSP |
| 005 | 20250314084635 |
| 006 | m o d f |
| 007 | cr mn||||||||| |
| 008 | 230404t20232023onc o f000 0 fre d |
| 020 | |a9780660482897 |
| 040 | |aCaOODSP|bfre|erda|cCaOODSP |
| 043 | |an-cn--- |
| 045 | |ay2y2 |
| 086 | 1 |aP54-3/2023F-2-PDF |
| 245 | 00|aSondage sur la rétroaction du service à la clientèle - #004 : |brapport d'analyse / |cpréparé pour Services publics et approvisionnement Canada, Secteur d'excellence des pensions. |
| 264 | 1|aOttawa, Ontario : |bServices publics et approvisionnement Canada = Public Services and Procurement Canada, |c2023. |
| 264 | 4|c©2023 |
| 300 | |a1 ressource en ligne (48 pages) + |esommaire exécutif (4 pages) |
| 336 | |atexte|btxt|2rdacontent/fre |
| 337 | |ainformatique|bc|2rdamedia/fre |
| 338 | |aressource en ligne|bcr|2rdacarrier/fre |
| 500 | |aPublié aussi en anglais sous le titre : Client service feedback survey - #004 : analysis report. |
| 500 | |a« Avril 2023. » |
| 500 | |a« Nom du fournisseur: Advanis Inc. » |
| 500 | |a« Numéro du contrat: EP082-212778/001/CY. » |
| 500 | |a« Numéro d’enregistrement: POR 130-20. » |
| 610 | 16|aCanada. |bServices publics et approvisionnement Canada|xService à la clientèle|xOpinion publique. |
| 650 | 6|aFonctionnaires retraités|xServices|zCanada|xOpinion publique. |
| 650 | 6|aOpinion publique|zCanada. |
| 650 | 6|aFonctionnaires retraités|zCanada|xAttitudes. |
| 710 | 1 |aCanada. |bServices publics et approvisionnement Canada, |eorganisme de publication. |
| 710 | 2 |aAdvanis (Firme), |econsultant. |
| 775 | 08|tClient service feedback survey - #004 : |w(CaOODSP)9.921505 |
| 795 | |tSondage sur la rétroaction du service à la clientèle - #003 : |w(CaOODSP)9.919291 |
| 856 | 40|qPDF|s1,003 Ko|uhttps://publications.gc.ca/collections/collection_2023/spac-pspc/P54-3-2023-2-fra.pdf|z(rapport d'analyse) |
| 856 | 40|qPDF|s328 Ko|uhttps://publications.gc.ca/collections/collection_2023/spac-pspc/P54-3-2023-2-1-fra.pdf|z(sommaire exécutif) |